000 00547npc a2200205Ia 4500
001 ist272-48092
003 IT-MiCISF
008 161014s9999||||xx | und||
040 _aIT-MiCISF
_cIT-MiCISF
041 _ait
100 _aAA.VV.
245 0 _aSeparazioni e divorzi in Italia
250 _a1a ed.
260 _a Roma
_bIstat
_c2010
300 _app. 11
500 _aIstituto Nazionale di Statistica / divorzio, separazione, statistica, custodia-figli /
650 _adivorzio
942 _cDD
957 _71
999 _a48092
_bsi
_g1
_c206196
_d206196